000 00543nmm a2200169Ia 4500
008 251105s9999||||xx |||||||||||||||||und||
020 _a9788477371939
041 _aspa
100 _aBlanco Corredoira, José María
245 0 _aMadrid no tiene arreglo :
_b Crónica de costumbres de un paseante en Corte
264 _a[Madrid, España] :
_bSílex Ediciones,
_c2007
300 _a228 páginas
490 _a--Sin colección
650 _aHistory of Europe: Spain
856 _uhttps://public.digitaliapublishing.com/a/1369
942 _cCF
999 _c85352
_d85352